|
|
|
|
| LEADER |
00000nam0a2200000 4500 |
| 001 |
675084 |
| 005 |
20241002110329.0 |
| 090 |
|
|
|a 675084
|
| 100 |
|
|
|a 20241002d1976 k||y0rusy50 ca
|
| 101 |
0 |
|
|a rus
|
| 102 |
|
|
|a UA
|
| 105 |
|
|
|a y z 001yy
|
| 181 |
|
0 |
|a i
|b e
|
| 182 |
|
0 |
|a n
|
| 183 |
|
0 |
|a nc
|2 RDAcarrier
|
| 200 |
1 |
|
|a Численно-аналитические методы исследования периодических решений
|f А. М. Самойленко, Н. И. Ронто
|
| 203 |
|
|
|a Текст
|b визуальный
|c непосредственный
|
| 210 |
|
|
|a Киев
|c Вища школа
|d 1976
|
| 215 |
|
|
|a 180 с.
|
| 283 |
|
|
|a volume
|2 RDAcarrier
|
| 320 |
|
|
|a Список литературы: с. 168-179
|
| 606 |
|
|
|a Нелинейные системы
|9 82251
|
| 610 |
1 |
|
|a нелинейные периодические системы
|
| 610 |
1 |
|
|a дифференциальные уравнения
|
| 610 |
1 |
|
|a нелинейные Т-системы
|
| 610 |
1 |
|
|a коллокация
|
| 675 |
|
|
|a 517.957
|v 4
|
| 700 |
|
1 |
|a Самойленко
|b А. М.
|g Анатолий Михайлович
|
| 701 |
|
1 |
|a Ронто
|b Н. И.
|g Николай Иосифович
|
| 801 |
|
0 |
|a RU
|b 63413507
|c 20241002
|
| 830 |
|
|
|a Ретро2024Каталогизация
|
| 850 |
|
|
|a 63413507
|
| 942 |
|
|
|c BK
|